| 000 | 00371ntm a22001577a 4500 | ||
|---|---|---|---|
| 005 | 20250219125845.0 | ||
| 008 | 170601b2004 xxu||||| |||| 00| 0 spa d | ||
| 041 | _aESP | ||
| 082 | _aR 463 D545d | ||
| 245 | _aDiccionario enciclopédico usual | ||
| 260 |
_aMéxico _bLarousse _c2004 |
||
| 300 | _a770 | ||
| 650 | _aDICCIONARIOS | ||
| 650 | _aESPAÑOL | ||
| 942 |
_cREF _2ddc |
||
| 999 |
_c9502 _d9502 |
||